Java enterprise best practices

Salvato in:
Dettagli Bibliografici
Autore principale: The O'Reilly Java Authors
Natura: Libro
Lingua:Undetermined
Pubblicazione: Beijing, China O'Reilly Beijing 2003
Soggetti:
Tags: Aggiungi Tag
Nessun Tag, puoi essere il primo ad aggiungerne! !
Thư viện lưu trữ: Trung tâm Học liệu Trường Đại học Cần Thơ
LEADER 00517nam a2200181Ia 4500
001 CTU_58128
008 210402s9999 xx 000 0 und d
082 |a 005.133 
082 |b O.66 
100 |a The O'Reilly Java Authors 
245 0 |a Java enterprise best practices 
245 4 |c The O'Reilly Java Authors 
260 |a Beijing, China 
260 |b O'Reilly Beijing 
260 |c 2003 
650 |a java ( computer program language ) 
904 |i Minh 
980 |a Trung tâm Học liệu Trường Đại học Cần Thơ